Statistics for 2018 Winter Olympics Medal Count

Click here to take the quiz!

General Stats

  • This quiz has been taken 101 times
  • The average score is 9 of 10

Answer Stats

#Country% Correct
31Germany
100%
29Canada
100%
23United States
100%
39Norway
98%
14Sweden
95%
15France
94%
17South Korea
91%
15Switzerland
91%
14Austria
90%
20Netherlands
82%

Score Distribution

Percentile by Number Answered

Percent of People with Each Score

Your Score History

You have not taken this quiz